[Event "Russia"]
[Site "?"]
[Date "2000.??.??"]
[Round "?"]
[White "Fedorov, Alex"]
[Black "Svidler, P."]
[Result "0-1"]
[WhiteElo "2680"]
[BlackElo "2670"]
[PlyCount "84"]
[EventDate "2000.??.??"]
[Source "Chess Informant"]
[SourceDate "2000.02.01"]

1. e4 e5 2. f4 exf4 3. Nf3 d5 4. exd5 Nf6 5. Bc4 Nxd5 6. Bxd5 Qxd5 7. Nc3 Qd8 8. d4 Be7 9. Bxf4 O-O 10. O-O Bf5 11. Qd2 c6 12. Kh1 Bb4 13. a3 Bxc3 14. Qxc3 Qd5 15. Qd2 Nd7 16. b3 b5 17. Rac1 Nb6 18. Rfe1 Rfe8 19. Ne5 f6 20. c4 bxc4 21. bxc4 Qe6 22. Nf3 Qf7 23. d5 cxd5 24. Nd4 Nxc4 25. Rxc4 Rxe1+ 26. Qxe1 Re8 27. Qa5 dxc4 28. Nxf5 Qe6 29. Bd2 Qe5 30. Qxe5 Rxe5 31. Nd4 Re4 32. Nf3 g5 33. h3 h5 34. Kg1 g4 35. hxg4 hxg4 36. Nh4 Rd4 37. Bb4 Rd1+ 38. Kf2 Rc1 39. Ke3 c3 40. Nf5 a5 41. Bxa5 c2 42. Nd4 Re1+ 0-1

[Event "EU-ch 2nd"]
[Site "Ohrid"]
[Date "2001.06.09"]
[Round "8"]
[White "Shulman, Yuri"]
[Black "Jussupow, Artur"]
[Result "1/2-1/2"]
[WhiteElo "2551"]
[BlackElo "2645"]
[PlyCount "45"]
[EventDate "2001.06.01"]
[Source "ChessBase"]
[SourceDate "2001.09.13"]

1. e4 e5 2. f4 d5 3. exd5 exf4 4. Nf3 Nf6 5. Bc4 Nxd5 6. Bxd5 Qxd5 7. Nc3 Qf5 8. d4 Be7 9. O-O c6 10. Qe2 Be6 11. Ne4 Nd7 12. Nfg5 O-O 13. Bxf4 Bxg5 14. Nxg5 Rfe8 15. Qd2 Bd5 16. b3 b5 17. Rac1 f6 18. c4 bxc4 19. bxc4 fxg5 20. Bxg5 Qe6 21. cxd5 Qxd5 22. Rce1 Rxe1 23. Rxe1 1/2-1/2

[Event "EU-ch 2nd"]
[Site "Ohrid"]
[Date "2001.06.09"]
[Round "8"]
[White "Fedorov, Alexei"]
[Black "Goloshchapov, Alexander"]
[Result "1/2-1/2"]
[WhiteElo "2590"]
[BlackElo "2528"]
[PlyCount "161"]
[EventDate "2001.06.01"]
[Source "ChessBase"]
[SourceDate "2001.09.13"]

1. e4 e5 2. f4 exf4 3. Nf3 d5 4. exd5 Nf6 5. Bc4 Nxd5 6. O-O Be6 7. Bb3 Be7 8. c4 Nb6 9. d4 Nxc4 10. Nc3 Nb6 11. d5 Bg4 12. Bxf4 O-O 13. Nb5 Na6 14. Rc1 Bd6 15. Nxd6 cxd6 16. Qd2 Nc5 17. Bc2 Bxf3 18. Rxf3 f5 19. Rcf1 Qd7 20. Be3 Nc4 21. Qd4 Nxe3 22. Qxe3 g6 23. b4 Na6 24. Qe6+ Qxe6 25. dxe6 Nxb4 26. Bb3 Kg7 27. g4 Nc6 28. gxf5 Rxf5 29. Rxf5 gxf5 30. Rxf5 Rf8 31. Rb5 b6 32. Rd5 Rd8 33. Ba4 Ne7 34. Rd3 Kf6 35. Bd7 Rg8+ 36. Kf2 Rg5 37. Rxd6 Rd5 38. Rxd5 Nxd5 39. Kf3 Nc7 40. Ke4 Nxe6 41. Kd5 Nc5 42. Bc8 Nd3 43. Kc4 Nc5 44. Kb5 Ke5 45. a4 Kd6 46. Bf5 h6 47. a5 Kc7 48. axb6+ axb6 49. Bc2 Ne6 50. Kc4 Kd6 51. Be4 Ke5 52. Bg2 Nc7 53. Bf3 Kf4 54. Bd1 Ke3 55. Bh5 Kf2 56. Bg4 Kg2 57. h3 Kg3 58. Kd4 Kf4 59. Kc4 Ke4 60. Bh5 Ke3 61. Bg4 Ke4 62. Bh5 Kf4 63. Bg4 Kg5 64. Kd4 Ne8 65. Bd7 Nf6 66. Bc8 Kf4 67. Kc4 Ne4 68. Be6 Ke5 69. Bg4 Nd6+ 70. Kb4 Kf4 71. Kc3 Ke3 72. Bd1 Ne4+ 73. Kb4 Nf2 74. Bh5 Nxh3 75. Kb5 Nf4 76. Bf7 Kd4 77. Kxb6 Ke5 78. Kc5 Kf6 79. Be8 Ne6+ 80. Kc4 Ng7 81. Bd7 1/2-1/2

[Event "CRO-chT"]
[Site "Pula"]
[Date "2001.09.15"]
[Round "6"]
[White "Fedorov, Alexei"]
[Black "Zaja, Ivan"]
[Result "1-0"]
[WhiteElo "2599"]
[BlackElo "2488"]
[PlyCount "85"]
[EventDate "2001.09.10"]
[Source "ChessBase"]
[SourceDate "2001.10.26"]

1. e4 e5 2. f4 exf4 3. Nf3 d5 4. exd5 Nf6 5. Bc4 Nxd5 6. Bxd5 Qxd5 7. Nc3 Qf5 8. Qe2+ Be7 9. d4 Qe6 10. Bxf4 Qxe2+ 11. Nxe2 c6 12. O-O-O Be6 13. Bg3 g5 14. h4 gxh4 15. Bxh4 Bxh4 16. Rxh4 Nd7 17. Nf4 Nf8 18. Ng5 Rd8 19. Rh6 Ke7 20. b3 b5 21. c3 Ng6 22. Ngxe6 fxe6 23. Rxg6 hxg6 24. Nxg6+ Kd6 25. Nxh8 Rxh8 26. Rg1 Rh4 27. g4 Rh2 28. Kb1 e5 29. g5 Rh7 30. g6 Rg7 31. Kc2 exd4 32. cxd4 Ke6 33. Kd3 Kf6 34. d5 c5 35. Ke4 Re7+ 36. Kf4 Rd7 37. d6 Rg7 38. Rd1 Rd7 39. g7 Kxg7 40. Ke5 Kf7 41. Kd5 c4 42. Kc6 Ke8 43. Re1+ 1-0

[Event "Bundesliga 9900"]
[Site "Germany"]
[Date "2000.01.29"]
[Round "8"]
[White "Tischbierek, Raj"]
[Black "Slobodjan, Roman"]
[Result "1-0"]
[WhiteElo "2526"]
[BlackElo "2561"]
[PlyCount "133"]
[EventDate "1999.10.??"]
[Source "ChessBase"]
[SourceDate "2000.03.10"]

1. e4 e5 2. f4 exf4 3. Nf3 d5 4. exd5 Nf6 5. Bc4 Nxd5 6. Bxd5 Qxd5 7. Nc3 Qf5 8. Qe2+ Qe6 9. d4 Bb4 10. Bxf4 c6 11. Be3 O-O 12. O-O Nd7 13. d5 Qe8 14. dxc6 bxc6 15. Rae1 Bxc3 16. bxc3 Nf6 17. Qc4 Qe6 18. Qa4 Qd5 19. Bd4 Nd7 20. c4 Qd6 21. c5 Qg6 22. Re3 Qh6 23. Ng5 Nf6 24. Rxf6 gxf6 25. Ne4 Rd8 26. Qxc6 Be6 27. Nxf6+ Kf8 28. Qe4 Rab8 29. Nxh7+ Ke8 30. Nf6+ Kf8 31. Nh7+ Ke8 32. c3 Rxd4 33. cxd4 Rb1+ 34. Qxb1 Qxe3+ 35. Kh1 Qxd4 36. Qb8+ Kd7 37. Qb7+ Kd8 38. Qb8+ Kd7 39. Qxa7+ Kc6 40. Qb6+ Kd5 41. Qd6+ Kc4 42. Qxd4+ Kxd4 43. Ng5 Bd5 44. c6 Bxc6 45. Nxf7 Bd5 46. Ng5 Bxa2 47. Kg1 Ke5 48. Kf2 Kf4 49. Nf3 Bb3 50. h3 Bd1 51. Nd2 Bh5 52. g3+ Kg5 53. Nf3+ Kf5 54. Ke3 Be8 55. g4+ Kg6 56. Kf4 Kh6 57. h4 Bd7 58. Nd4 Ba4 59. Nf5+ Kh7 60. Ne3 Bb5 61. Kg5 Be2 62. Kf6 Kh6 63. Nf5+ Kh7 64. g5 Bc4 65. h5 Bb3 66. g6+ Kh8 67. Nh6 1-0

[Event "EU-ch 3rd"]
[Site "Batumi"]
[Date "2002.06.16"]
[Round "5"]
[White "Fedorov, Alexei"]
[Black "Godena, Michele"]
[Result "1/2-1/2"]
[WhiteElo "2598"]
[BlackElo "2481"]
[PlyCount "78"]
[EventDate "2002.06.12"]
[Source "ChessBase"]
[SourceDate "2002.09.20"]

1. e4 e5 2. f4 exf4 3. Nf3 d5 4. exd5 Nf6 5. Bc4 Nxd5 6. Bxd5 Qxd5 7. Nc3 Qe6+ 8. Kf2 Qb6+ 9. d4 Be6 10. Re1 Be7 11. Bxf4 c6 12. Ne4 O-O 13. b3 Nd7 14. h3 Rfe8 15. c4 Rad8 16. Re3 Bf5 17. Ng3 Be6 18. Qe2 Nf8 19. Ne4 Rd7 20. Rd1 Ng6 21. Bd6 Qd8 22. c5 Bd5 23. Re1 Bxd6 24. Nxd6 Rxe3 25. Qxe3 Re7 26. Qg5 h6 27. Rxe7 Nxe7 28. Qe3 b6 29. Ne5 bxc5 30. dxc5 Qa5 31. a4 Bxb3 32. Kg3 Qb4 33. Nexf7 Bxf7 34. Qxe7 Qb3+ 35. Kh2 Qe6 36. Qxa7 Qe5+ 37. Kg1 Qe1+ 38. Kh2 Qe5+ 39. Kg1 Qe1+ 1/2-1/2

[Event "San Bernardino Open"]
[Site "San Bernardino"]
[Date "1992.??.??"]
[Round "6"]
[White "Gallagher, Joseph G"]
[Black "Van der Sterren, Paul"]
[Result "1-0"]
[WhiteElo "2510"]
[BlackElo "2535"]
[PlyCount "87"]
[EventDate "1992.09.??"]
[Source "www.chesslib.no"]
[SourceDate "2004.05.04"]

1. e4 e5 2. f4 exf4 3. Nf3 d5 4. exd5 Nf6 5. Bc4 Nxd5 6. O-O Be7 7. d4 Be6 8. Qe2 O-O 9. Nc3 Nxc3 10. bxc3 Bxc4 11. Qxc4 Bd6 12. Qb5 b6 13. Ng5 Qe7 14. Qf5 g6 15. Qg4 h5 16. Qh4 f6 17. Nf3 Nd7 18. Bxf4 g5 19. Bxd6 Qe3+ 20. Qf2 Qxf2+ 21. Rxf2 cxd6 22. Nd2 Rfe8 23. Kf1 Rac8 24. c4 d5 25. cxd5 Rxc2 26. Re2 Kf8 27. a4 f5 28. Rxe8+ Kxe8 29. Ke2 Nf6 30. Kd3 Rc7 31. d6 Rd7 32. Re1+ Kf8 33. Nc4 Kg7 34. Re5 Kg6 35. a5 g4 36. Rb5 Rd8 37. axb6 axb6 38. Ne5+ Kg7 39. Rxb6 Nd5 40. Rb7+ Kf6 41. Nf7 Rf8 42. d7 Nf4+ 43. Kc4 Ne6 44. d5 1-0

[Event "Corr"]
[Site "?"]
[Date "2000.09.25"]
[Round "?"]
[White "Kosebay Osman (TUR)"]
[Black "Sande Oystein"]
[Result "1/2-1/2"]
[WhiteElo "2547"]
[BlackElo "2494"]
[PlyCount "45"]
[EventDate "2000.??.??"]
[Source "www.chesslib.no"]
[SourceDate "2004.05.04"]

1. e4 e5 2. f4 exf4 3. Nf3 d5 4. exd5 Nf6 5. Bc4 Bd6 6. O-O O-O 7. d4 c6 8. Nc3 Bg4 9. Qd3 cxd5 10. Nxd5 Nxd5 11. Bxd5 Nc6 12. Bd2 Kh8 13. c4 Qf6 14. Bc3 Rae8 15. Rae1 Rxe1 16. Rxe1 Nb4 17. Bxb4 Bxb4 18. Re5 Bxf3 19. Bxf3 b6 20. a3 Bd6 21. Re1 Rd8 22. b4 g6 23. Qe4 1/2-1/2

[Event "Malta ol (Men)"]
[Site "La Valetta"]
[Date "1980.??.??"]
[Round "?"]
[White "Arnason, Jon L"]
[Black "Balashov, Yuri S"]
[Result "1/2-1/2"]
[WhiteElo "2435"]
[BlackElo "2600"]
[PlyCount "46"]
[EventDate "1980.11.??"]
[Source "www.chesslib.no"]
[SourceDate "2004.05.04"]

1. e4 e5 2. f4 d5 3. exd5 exf4 4. Nf3 Nf6 5. Bc4 Nxd5 6. Bb3 Be7 7. O-O O-O 8. c4 Nf6 9. d4 c5 10. Kh1 Bg4 11. dxc5 Qxd1 12. Bxd1 Bxc5 13. Bxf4 Ne4 14. Ng5 Nf2+ 15. Rxf2 Bxd1 16. Rd2 Bg4 17. Nc3 Nc6 18. h3 Be6 19. Nxe6 fxe6 20. Bd6 Bxd6 21. Rxd6 e5 22. Ne4 Rf4 23. Rf1 Rd8 1/2-1/2

[Event "Moscow5"]
[Site "Moscow"]
[Date "1995.??.??"]
[Round "3"]
[White "Fedorov, Alexei"]
[Black "Gorelov, Sergey G"]
[Result "1-0"]
[WhiteElo "2540"]
[BlackElo "2490"]
[PlyCount "45"]
[EventDate "1995.??.??"]
[Source "ChessBase"]

1. e4 e5 2. f4 d5 3. exd5 exf4 4. Nf3 Nf6 5. Bc4 Nxd5 6. O-O c6 7. Bb3 Bd6 8. c4 Ne7 9. d4 O-O 10. Ng5 c5 11. Nc3 Nbc6 12. Nb5 Nf5 13. Qh5 h6 14. Ne4 Ncxd4 15. Nexd6 Nxd6 16. Nxd4 cxd4 17. Rxf4 Nf5 18. Rxf5 g6 19. Qxh6 Bxf5 20. Bg5 Qd6 21. Qh4 Kg7 22. c5 Qc6 23. Bh6+ 1-0

[Event "I Quality Chess Rapid"]
[Site "Edinburgo SCO"]
[Date "2007.03.11"]
[Round "2.3"]
[White "Marin, Mihail"]
[Black "Brunello, Sabino"]
[Result "1-0"]
[WhiteElo "2549"]
[BlackElo "2468"]
[PlyCount "55"]
[EventDate "2007.03.10"]
[Source "www.chesslib.no"]
[SourceDate "2004.05.04"]

1. f4 e5 2. e4 exf4 3. Nf3 d5 4. exd5 Nf6 5. Nc3 Nxd5 6. Nxd5 Qxd5 7. d4 Bd6 8. c4 Bb4+ 9. Kf2 Qd8 10. c5 c6 11. Bc4 O-O 12. Bxf4 Be6 13. Bxe6 fxe6 14. Bd6 Rf6 15. Be5 Rf7 16. Qb3 Ba5 17. Qxe6 Nd7 18. Rhf1 Nxe5 19. Qxe5 Bc7 20. Qe4 Bxh2 21. Rh1 Qc7 22. Qh4 Qf4 23. Rxh2 Qd2+ 24. Kg1 Qe3+ 25. Kh1 h6 26. Re1 Qd3 27. Qe4 Qc4 28. Qe6 1-0

[Event "Piatka op"]
[Site "Swidnica"]
[Date "1997.??.??"]
[Round "?"]
[White "Grabarczyk, Bogdan"]
[Black "Ibragimov, Ildar"]
[Result "1-0"]
[WhiteElo "2460"]
[BlackElo "2555"]
[PlyCount "48"]
[EventDate "1997.??.??"]
[Source "www.chesslib.no"]
[SourceDate "2004.05.04"]

1. e4 e5 2. f4 exf4 3. Nf3 d5 4. exd5 Nf6 5. Bb5+ c6 6. dxc6 Nxc6 7. d4 Bd6 8. Qe2+ Kf8 9. O-O Bg4 10. c3 Qc7 11. Nbd2 Re8 12. Qf2 a6 13. Bd3 Re3 14. Bc2 Qe7 15. Re1 g5 16. Nc4 Rxe1+ 17. Nxe1 Bc7 18. Nf3 Be6 19. b3 Ng4 20. Qe1 Kg7 21. h3 b5 22. hxg4 bxc4 23. bxc4 Bxc4 24. Qxe7 Nxe7 1-0

[Event "Biel-B"]
[Site "Biel"]
[Date "1990.??.??"]
[Round "7"]
[White "Gallagher, Joseph G"]
[Black "Campora, Daniel Hugo"]
[Result "1-0"]
[WhiteElo "2495"]
[BlackElo "2510"]
[PlyCount "83"]
[EventDate "1990.07.??"]
[Source "ChessBase"]

1. e4 e5 2. f4 exf4 3. Nf3 d5 4. exd5 Nf6 5. Bc4 Nxd5 6. O-O Be7 7. d4 O-O 8. Bxd5 Qxd5 9. Bxf4 c5 10. Nc3 Qc4 11. Qe1 Bf6 12. Bd6 Bxd4+ 13. Kh1 Rd8 14. Ne4 f5 15. Qh4 Nc6 16. Ne5 Bxe5 17. Nf6+ Bxf6 18. Qxc4+ Kh8 19. Bxc5 Ne5 20. Qe2 Be6 21. Rfd1 f4 22. Rxd8+ Rxd8 23. Be7 f3 24. gxf3 Bc4 25. Qxe5 Bxe5 26. Bxd8 Bxb2 27. Rb1 Bd4 28. Rxb7 Bd5 29. Rb3 Bxb3 30. axb3 Kg8 31. Kg2 Kf7 32. f4 Ke6 33. Kf3 Kf5 34. Bc7 Bg1 35. h3 Bh2 36. c4 g5 37. Bb8 a6 38. b4 gxf4 39. b5 axb5 40. cxb5 Ke6 41. b6 Kd5 42. Bxf4 1-0

[Event "FRA Team Ch"]
[Site "France"]
[Date "1990.??.??"]
[Round "?"]
[White "Gallagher, Joseph G"]
[Black "Murey, Jacob I"]
[Result "1/2-1/2"]
[WhiteElo "2470"]
[BlackElo "2530"]
[PlyCount "51"]
[EventDate "1990.??.??"]
[Source "www.chesslib.no"]
[SourceDate "2004.05.04"]

1. e4 e5 2. f4 d5 3. exd5 exf4 4. Nf3 Nf6 5. Bc4 Nxd5 6. O-O Be6 7. Bb3 Nc6 8. d4 Ne3 9. Bxe3 Bxb3 10. Bxf4 Be6 11. Nc3 Bd6 12. Qd2 O-O 13. Bxd6 Qxd6 14. d5 Rad8 15. Rad1 Ne5 16. Nxe5 Qxe5 17. Qf4 Qxf4 18. Rxf4 Bd7 19. Rb4 b6 20. Rc4 Rc8 21. a4 c6 22. dxc6 Rxc6 23. Rxc6 Bxc6 24. Nb5 g6 25. b3 a6 26. Rd6 1/2-1/2

[Event "Calviá ol (Men)"]
[Site "Mallorca"]
[Date "2004.10.29"]
[Round "14.32"]
[White "Moser, Eva"]
[Black "Godena, Michele"]
[Result "1/2-1/2"]
[WhiteElo "2447"]
[BlackElo "2550"]
[PlyCount "51"]
[EventDate "2004.10.15"]
[Source "Roberto Alvarez"]
[SourceDate "2004.10.25"]

1. e4 e5 2. f4 exf4 3. Nf3 d5 4. exd5 Nf6 5. Bb5+ c6 6. dxc6 Nxc6 7. d4 Qa5+ 8. Nc3 Bb4 9. O-O O-O 10. Bxc6 Bxc3 11. bxc3 bxc6 12. Bxf4 Qxc3 13. Qd2 Qxd2 14. Nxd2 Nd5 15. Bd6 Rd8 16. Bc5 Ne3 17. Rfc1 Bf5 18. c3 Rab8 19. Nf1 Nc4 20. Bxa7 Rb2 21. Re1 Be6 22. Red1 Rc2 23. Rdc1 Rb2 24. Rcb1 Re2 25. Re1 Rc2 26. Rec1 1/2-1/2

[Event "Espoo zt"]
[Site "Espoo"]
[Date "1989.??.??"]
[Round "?"]
[White "Arnason, Jon L"]
[Black "Mortensen, Erling"]
[Result "1/2-1/2"]
[WhiteElo "2520"]
[BlackElo "2475"]
[PlyCount "152"]
[EventDate "1989.07.??"]
[Source "ChessBase"]

1. e4 e5 2. f4 d5 3. exd5 exf4 4. Nf3 Nf6 5. Bc4 Nxd5 6. O-O Nc6 7. d4 Bg4 8. Qe1+ Be7 9. Ne5 Nxe5 10. Qxe5 Be6 11. Bb3 O-O 12. Nc3 Bf6 13. Qe4 Nxc3 14. bxc3 c5 15. Bxe6 fxe6 16. Ba3 Qd5 17. Qxd5 exd5 18. Rad1 Rfd8 19. dxc5 d4 20. c4 g5 21. g3 Rd7 22. gxf4 g4 23. Rfe1 Kf7 24. Rd3 Re8 25. Rxe8 Kxe8 26. c6 bxc6 27. Bc5 Be7 28. Bxd4 a5 29. Bb6 a4 30. Kg2 h5 31. h3 gxh3+ 32. Kxh3 Rb7 33. Bd4 Rb1 34. Kg2 Rc1 35. Rd2 Kf7 36. f5 Bf6 37. Bc5 Be5 38. Re2 Kf6 39. Ba3 Rd1 40. Rf2 Rd4 41. Bc1 Rxc4 42. Be3 Rg4+ 43. Kh1 Re4 44. Rf3 Rc4 45. Bb6 Rf4 46. Rh3 Rxf5 47. Bd8+ Kg6 48. Re3 c5 49. a3 Bb2 50. Re6+ Kf7 51. Re7+ Kg6 52. Re4 Rd5 53. Bb6 Rd4 54. Re8 Kf7 55. Rc8 Bxa3 56. Bxc5 Rh4+ 57. Kg2 Bb2 58. Rb8 Be5 59. Rb7+ Ke6 60. Bb4 Rh2+ 61. Kf3 Rxc2 62. Rb6+ Kf5 63. Rb5 Rc6 64. Ra5 h4 65. Bc5 Ke6 66. Rxa4 h3 67. Rh4 h2 68. Bf2 Kd5 69. Kg2 Rc2 70. Kh1 Ke6 71. Bg3 Bxg3 72. Re4+ Kd5 73. Rd4+ Kc5 74. Rd5+ Kc6 75. Rd6+ Kb7 76. Rb6+ Kxb6 1/2-1/2

[Event "Tel Aviv"]
[Site "Tel Aviv"]
[Date "1988.??.??"]
[Round "?"]
[White "Gallagher, Joseph G"]
[Black "Greenfeld, Alon"]
[Result "1/2-1/2"]
[WhiteElo "2480"]
[BlackElo "2510"]
[PlyCount "99"]
[EventDate "1988.03.??"]
[Source "ChessBase"]

1. e4 e5 2. f4 d5 3. exd5 exf4 4. Nf3 Nf6 5. Bc4 Nxd5 6. O-O Be6 7. Bb3 Bd6 8. c4 Nb6 9. d4 Nxc4 10. Qe2 b5 11. a4 O-O 12. axb5 Ne3 13. Bxe6 Nxf1 14. Bd5 c6 15. bxc6 Bc7 16. Nc3 Ne3 17. Bxe3 fxe3 18. Qxe3 a6 19. Ne5 Ra7 20. Nxf7 Rxf7 21. Rf1 Bb6 22. Rxf7 Rxf7 23. Qe6 Bxd4+ 24. Kh1 Kh8 25. Qxf7 Nxc6 26. Ne4 Ne5 27. Qe6 Bxb2 28. Ng5 h6 29. Qxe5 hxg5 30. Qe6 g6 31. h3 Kg7 32. Qf7+ Kh6 33. g4 a5 34. Qe6 a4 35. Be4 Bf6 36. Qd5 Qc7 37. Qd3 Qc1+ 38. Kg2 a3 39. Bxg6 Qb2+ 40. Kf3 Qh2 41. Bf7 Qxh3+ 42. Ke2 Qxg4+ 43. Kf1 Qf4+ 44. Kg2 Kg7 45. Qg6+ Kf8 46. Qg8+ Ke7 47. Qe8+ Kd6 48. Qb8+ Kd7 49. Qb5+ Ke7 50. Qe8+ 1/2-1/2

[Event "Linares Anibal op"]
[Site "Linares"]
[Date "1999.01.09"]
[Round "2"]
[White "Salmensuu, Olli"]
[Black "Sorokin, Maxim"]
[Result "1/2-1/2"]
[WhiteElo "2420"]
[BlackElo "2570"]
[PlyCount "66"]
[EventDate "1999.01.??"]
[Source "ChessBase"]
[SourceDate "1999.03.01"]

1. e4 e5 2. f4 exf4 3. Nf3 d5 4. exd5 Nf6 5. Bc4 Nxd5 6. O-O Be6 7. Bb3 Be7 8. c4 Nb6 9. d4 Nxc4 10. Nc3 Nb6 11. Bxe6 fxe6 12. Qe2 Qd7 13. Ne5 Qxd4+ 14. Kh1 O-O 15. Ng6 hxg6 16. Qxe6+ Kh7 17. Qh3+ Kg8 18. Qe6+ Kh7 19. Qh3+ Bh4 20. Qxh4+ Kg8 21. Bxf4 Na6 22. Rf3 Rf5 23. Raf1 Raf8 24. Ne2 Qxb2 25. Ng3 g5 26. Qg4 Rxf4 27. Qe6+ Kh8 28. Qh3+ Kg8 29. Qe6+ Kh8 30. Qh3+ Kg8 31. Qe6+ Kh8 32. Qh3+ Kg8 33. Qe6+ Kh8 1/2-1/2

[Event "Budel zt"]
[Site "Budel"]
[Date "1987.??.??"]
[Round "?"]
[White "Renet, Olivier"]
[Black "Van der Sterren, Paul"]
[Result "1/2-1/2"]
[WhiteElo "2455"]
[BlackElo "2520"]
[PlyCount "67"]
[EventDate "1987.05.??"]
[Source "ChessBase"]

1. e4 e5 2. f4 d5 3. exd5 exf4 4. Nf3 Nf6 5. Bb5+ c6 6. dxc6 Nxc6 7. d4 Bd6 8. O-O O-O 9. Nbd2 Bg4 10. Nc4 Bxf3 11. Rxf3 Bc5 12. Bxc6 Qxd4+ 13. Qxd4 Bxd4+ 14. Kf1 bxc6 15. Bxf4 Nd5 16. Rd1 Bf6 17. Be5 Bg5 18. Bd4 Rfd8 19. Bc5 h6 20. Rfd3 Bf6 21. g3 Re8 22. Re1 Rxe1+ 23. Kxe1 Re8+ 24. Kf2 Re4 25. b3 a6 26. a4 h5 27. Ne3 Nc3 28. Kf3 Re6 29. Rd6 Ne4 30. Rxe6 Ng5+ 31. Ke2 Nxe6 32. Bb6 Kf8 33. Nc4 Ke7 34. Bf2 1/2-1/2

[Event "Bermuda-B"]
[Site "Bermuda"]
[Date "2003.01.27"]
[Round "3"]
[White "Berg, Emanuel"]
[Black "Mulyar, Michael A"]
[Result "1/2-1/2"]
[WhiteElo "2527"]
[BlackElo "2446"]
[PlyCount "73"]
[EventDate "2003.01.25"]
[Source "ChessBase"]
[SourceDate "2003.05.26"]

1. e4 e5 2. f4 exf4 3. Nf3 d5 4. exd5 Nf6 5. Bc4 Nxd5 6. O-O Be7 7. d4 Be6 8. Bxd5 Bxd5 9. Nc3 Bc4 10. Re1 O-O 11. Bxf4 Nc6 12. d5 Nb4 13. Re4 Bxd5 14. Rxe7 Qxe7 15. Nxd5 Qc5+ 16. Ne3 Rad8 17. Qe2 Nd5 18. g3 Rfe8 19. Re1 Nxf4 20. gxf4 Qb4 21. c4 Re4 22. Kg2 Rde8 23. Ne5 f6 24. a3 Qd6 25. Qf3 Rxe3 26. Rxe3 fxe5 27. Rxe5 Rxe5 28. fxe5 Qxe5 29. Qxb7 Qe2+ 30. Kg3 Qxc4 31. Qb8+ Kf7 32. Qxa7 Qb3+ 33. Kf4 Qc4+ 34. Ke3 Qb3+ 35. Kf4 Qc4+ 36. Ke3 Qb3+ 37. Kf4 1/2-1/2

[Event "Hania op"]
[Site "Hania"]
[Date "1993.??.??"]
[Round "5"]
[White "Riemersma, Liafbern"]
[Black "Ibragimov, Ildar"]
[Result "1/2-1/2"]
[WhiteElo "2420"]
[BlackElo "2550"]
[PlyCount "93"]
[EventDate "1993.08.??"]
[Source "ChessBase"]

1. e4 e5 2. f4 exf4 3. Nf3 d5 4. exd5 Nf6 5. Bb5+ c6 6. dxc6 Nxc6 7. d4 Bd6 8. O-O O-O 9. c4 Bg4 10. Nc3 Ne7 11. h3 Bh5 12. c5 Bc7 13. Bc4 b6 14. b4 a5 15. bxa5 bxc5 16. dxc5 Qc8 17. Kh2 Nf5 18. Nb5 Be5 19. Rb1 Ne3 20. Bxe3 fxe3+ 21. Kh1 Qxc5 22. Rc1 Qe7 23. Qe1 Bb8 24. Qh4 Bxf3 25. Rxf3 Qe5 26. g3 Rxa5 27. Nd4 Rc5 28. Rf5 Qe4+ 29. Qxe4 Nxe4 30. Rxc5 Nxc5 31. Nf5 Ne4 32. Kg2 Ba7 33. Kf3 Nd2+ 34. Ke2 Nxc4 35. Rxc4 g6 36. Nxe3 Re8 37. Rc3 Bd4 38. Rd3 Be5 39. Kf3 Ra8 40. a3 Ra4 41. Nc2 Kg7 42. Rb3 h5 43. Rb4 Ra5 44. a4 Bd6 45. Rc4 Rf5+ 46. Kg2 Rg5 47. g4 1/2-1/2

[Event "Camp. italiano 2007"]
[Site "Martina Franca ITA"]
[Date "2007.11.25"]
[Round "3"]
[White "Genocchio, Daniele"]
[Black "Godena, Michele"]
[Result "1/2-1/2"]
[WhiteElo "2433"]
[BlackElo "2535"]
[PlyCount "41"]
[EventDate "2007.11.23"]
[Source "www.chesslib.no"]
[SourceDate "2004.05.04"]

1. e4 e5 2. f4 exf4 3. Nf3 d5 4. exd5 Nf6 5. Bc4 Nxd5 6. d4 Be7 7. O-O c6 8. Nc3 O-O 9. Nxd5 cxd5 10. Bd3 Nc6 11. Bxf4 Bg4 12. c3 Bh5 13. Qe2 Bg6 14. Bxg6 hxg6 15. Qb5 Qd7 16. Rae1 Rfe8 17. Re3 Bf8 18. Rfe1 Rxe3 19. Rxe3 Rd8 20. h3 f6 21. Qe2 1/2-1/2

[Event "Antwerp Open"]
[Site "Antwerp BEL"]
[Date "1994.??.??"]
[Round "8"]
[White "Hector, Jonny"]
[Black "Ziatdinov, Raset"]
[Result "1-0"]
[WhiteElo "2515"]
[BlackElo "2450"]
[PlyCount "47"]
[EventDate "1994.08.??"]
[Source "www.chesslib.no"]
[SourceDate "2004.05.04"]

1. e4 e5 2. f4 exf4 3. Nf3 d5 4. exd5 Nf6 5. Bc4 Nxd5 6. O-O Be6 7. Bb3 Be7 8. c4 Nb6 9. d4 Nxc4 10. Bxf4 c6 11. Qe2 b5 12. a4 a6 13. axb5 cxb5 14. Nc3 Nc6 15. Rad1 Bd5 16. Ne5 N6xe5 17. Bxe5 f6 18. Rxf6 Nxe5 19. Nxd5 gxf6 20. dxe5 Kf8 21. Kh1 Rc8 22. Nxf6 Qa5 23. Qh5 Rc4 24. Qe8+ 1-0

[Event "European Club Cup 2002"]
[Site "?"]
[Date "2002.09.27"]
[Round "6.56"]
[White "Palkovi Jozsef"]
[Black "Kotsur Pavel"]
[Result "0-1"]
[WhiteElo "2389"]
[BlackElo "2573"]
[PlyCount "106"]
[EventDate "2002.??.??"]
[Source "www.chesslib.no"]
[SourceDate "2004.05.04"]

1. e4 e5 2. f4 d5 3. exd5 exf4 4. Nf3 Nf6 5. Bc4 Nxd5 6. Bxd5 Qxd5 7. O-O Be7 8. Nc3 Qd8 9. d4 O-O 10. Bxf4 Bf5 11. Qd2 Na6 12. Rae1 Nb4 13. a3 Nxc2 14. Bxc7 Qd7 15. Re2 Bf6 16. Be5 Bxe5 17. Nxe5 Qxd4+ 18. Kh1 f6 19. Nf3 Qxd2 20. Rxd2 Rad8 21. Rfd1 Rxd2 22. Rxd2 Ne3 23. Re2 Nc4 24. Nd5 Bd7 25. Kg1 Rd8 26. Re4 Nd6 27. Rd4 Nf7 28. b4 Kf8 29. Kf2 Bc6 30. Nf4 Ke7 31. Rxd8 Nxd8 32. Nd4 Bd7 33. Ke3 Nf7 34. Nd5+ Kd6 35. Nc3 a6 36. a4 Ne5 37. h4 Nc6 38. b5 Ne7 39. Kd3 Ke5 40. g3 axb5 41. axb5 h5 42. Nf3+ Kf5 43. Ke3 Kg4 44. Kf2 Nf5 45. Nh2+ Kh3 46. Nf1 g5 47. hxg5 fxg5 48. Ne4 Bxb5 49. Nfd2 g4 50. Ng5+ Kh2 51. Nge4 b6 52. Nc3 Bd3 53. Nd5 Nxg3 0-1

[Event "New York Kavkasian"]
[Site "New York"]
[Date "1983.??.??"]
[Round "?"]
[White "Hebden, Mark"]
[Black "Lein, Anatoly"]
[Result "1/2-1/2"]
[WhiteElo "2495"]
[BlackElo "2465"]
[PlyCount "53"]
[EventDate "1983.09.??"]
[Source "ChessBase"]

1. e4 e5 2. f4 exf4 3. Nf3 d5 4. exd5 Nf6 5. Bc4 Bd6 6. Qe2+ Qe7 7. Nc3 a6 8. Qxe7+ Kxe7 9. O-O Re8 10. d4 b5 11. Bb3 Nbd7 12. a4 b4 13. Ne2 Nh5 14. Bd2 Kf8 15. Rae1 a5 16. c4 bxc3 17. Nxc3 Ba6 18. Rxe8+ Rxe8 19. Nb5 Bxb5 20. axb5 Rb8 21. Ra1 Nhf6 22. Rxa5 h6 23. Bc3 Nb6 24. Ne5 Re8 25. Ra7 Nfxd5 26. Nd7+ Ke7 27. Nxb6 1/2-1/2

[Event "Keres mem"]
[Site "Tallinn"]
[Date "1983.??.??"]
[Round "2"]
[White "Arnason, Jon L"]
[Black "Nei, Iivo"]
[Result "1/2-1/2"]
[WhiteElo "2460"]
[BlackElo "2495"]
[PlyCount "77"]
[EventDate "1983.02.??"]
[Source "ChessBase"]

1. e4 e5 2. f4 exf4 3. Nf3 d5 4. exd5 Nf6 5. Be2 Nxd5 6. c4 Ne7 7. d4 Ng6 8. Nc3 c6 9. Qd3 Be7 10. Bd2 Nd7 11. O-O-O Nf6 12. Rhf1 O-O 13. Ne5 Nxe5 14. dxe5 Qxd3 15. Bxd3 Ng4 16. Bxf4 g5 17. h3 gxf4 18. hxg4 Bxg4 19. Rd2 h5 20. Be2 Bxe2 21. Nxe2 Bg5 22. Nxf4 Rad8 23. Rxd8 Rxd8 24. Kc2 Rd4 25. Nxh5 Rxc4+ 26. Kd3 Rg4 27. Rf2 c5 28. b3 b5 29. Nf6+ Bxf6 30. exf6 Kh7 31. Rf5 Rxg2 32. Rxc5 Kg6 33. Rxb5 Rxa2 34. Rb7 Kxf6 35. b4 Ke6 36. b5 f5 37. b6 axb6 38. Rxb6+ Kd5 39. Rb4 1/2-1/2

[Event "Vladivostok Zaitsev"]
[Site "Vladivostok"]
[Date "1995.??.??"]
[Round "8"]
[White "Fedorov, Vladislav"]
[Black "Yurtaev, Leonid"]
[Result "0-1"]
[WhiteElo "2445"]
[BlackElo "2505"]
[PlyCount "74"]
[EventDate "1995.09.??"]
[Source "ChessBase"]

1. e4 e5 2. f4 exf4 3. Nf3 d5 4. exd5 Nf6 5. Bc4 Bd6 6. O-O O-O 7. d4 Bg4 8. Nc3 Nbd7 9. Bb3 a6 10. Qd3 Re8 11. a4 g6 12. Ne2 Nh5 13. c4 Qf6 14. Bd1 c5 15. dxc6 bxc6 16. c5 Bc7 17. Nc3 Bf5 18. Qc4 g5 19. Nxg5 Qxg5 20. Bxh5 Qxh5 21. Bxf4 Bxf4 22. Rxf4 Bg6 23. Raf1 Re3 24. d5 Ne5 25. Qd4 Rd3 26. Qb4 Re8 27. dxc6 Nxc6 28. Qc4 Rd2 29. Ne4 Bxe4 30. Rxe4 Rxe4 31. Qxe4 Qxc5+ 32. Kh1 Ne5 33. Qa8+ Kg7 34. Qxa6 Ng4 35. h3 Qd5 36. Rf3 Rd1+ 37. Rf1 Qd6 0-1